<?xml version="1.0" encoding="UTF-8"?>
<collection xmlns="http://www.loc.gov/MARC21/slim">
    <record>
        <controlfield tag="001">71114</controlfield>
        <controlfield tag="005">20190214135733.0</controlfield>
        <datafield tag="020" ind1=" " ind2=" ">
            <subfield code="a">978-84-16723-52-2</subfield>
        </datafield>
        <datafield tag="024" ind1="7" ind2=" ">
            <subfield code="2">doi</subfield>
            <subfield code="a">10.26754/uz.978-84-16723-52-2</subfield>
        </datafield>
        <datafield tag="037" ind1=" " ind2=" ">
            <subfield code="a">BOOK-2018-020</subfield>
        </datafield>
        <datafield tag="041" ind1=" " ind2=" ">
            <subfield code="a">spa</subfield>
        </datafield>
        <datafield tag="100" ind1=" " ind2=" ">
            <subfield code="a">Alfaro Pérez, Francisco José (ed.)</subfield>
            <subfield code="b">-</subfield>
        </datafield>
        <datafield tag="245" ind1=" " ind2=" ">
            <subfield code="a">El culto a las Reliquias : Interpretación, difusión y ritos</subfield>
        </datafield>
        <datafield tag="250" ind1=" " ind2=" ">
            <subfield code="a">1ª</subfield>
        </datafield>
        <datafield tag="260" ind1=" " ind2=" ">
            <subfield code="a">Zaragoza</subfield>
            <subfield code="b">Universidad de Zaragoza. Servicio de Publicaciones</subfield>
            <subfield code="c">2018</subfield>
        </datafield>
        <datafield tag="300" ind1=" " ind2=" ">
            <subfield code="a">192</subfield>
        </datafield>
        <datafield tag="520" ind1=" " ind2=" ">
            <subfield code="a">El presente material docente recoge veinte breves intervenciones de distintos autores (miembros o colaboradores) del proyecto de innovación docente “El culto a las reliquias: interpretación, difusión y ritos” (PIIDUZ_17_196), coordinado en su primera edición (2017-2018) por la profesora Carolina Naya Franco. Este proyecto ya se ha constituido como una plataforma de intercambio de ideas y colaboración transversal entre alumnos y profesores de distintas titulaciones de Humanidades dentro de la Facultad de Filosofía y Letras de la Universidad de Zaragoza. En estas aportaciones se revisa el culto a las reliquias a través de hitos, tradiciones, folklore, rogativas y acciones de gracias, caminos o rutas trazadas por los vestigios inmateriales, pero también de elementos inmersos en la cultura material, como ajuares litúrgicos y restos arqueológicos. En el trazado de estos análisis se abordan cuestiones antropológicas y de la historia social, así como de la demografía y ordenación del territorio. Todo ello contribuye sin duda a fomentar la comprensión de los procesos histórico-artísticos en el transcurrir de los siglos en la Península Ibérica, incardinándola con distintas tradiciones europeas.</subfield>
        </datafield>
        <datafield tag="540" ind1=" " ind2=" ">
            <subfield code="9">info:eu-repo/semantics/openAccess $a Esta obra está sujeta a una licencia de uso Creative Commons. Se permite la reproducción total o parcial, la distribución, la comunicación pública de la obra y la creación de obras derivadas, siempre que no sea con finalidades comerciales, y sempre que se reconzca la autoria de la obra original. $u https://creativecommons.org/licenses/by-nc/4.0/</subfield>
        </datafield>
        <datafield tag="655" ind1=" " ind2="4">
            <subfield code="a">info:eu-repo/semantics/publishedVersion</subfield>
        </datafield>
        <datafield tag="655" ind1=" " ind2="4">
            <subfield code="a">info:eu-repo/semantics/book</subfield>
        </datafield>
        <datafield tag="700" ind1=" " ind2=" ">
            <subfield code="a">Naya Franco, Carolina (ed.)</subfield>
            <subfield code="b"></subfield>
        </datafield>
        <datafield tag="856" ind1="0" ind2=" ">
            <subfield code="f">zaguan@unizar.es</subfield>
        </datafield>
        <datafield tag="856" ind1="4" ind2=" ">
            <subfield code="s">29129253</subfield>
            <subfield code="u">http://zaguan.unizar.es/record/71114/files/BOOK-2018-020.pdf</subfield>
            <subfield code="z">Texto completo</subfield>
        </datafield>
        <datafield tag="909" ind1="C" ind2="O">
            <subfield code="o">oai:zaguan.unizar.es:71114</subfield>
            <subfield code="p">books</subfield>
        </datafield>
        <datafield tag="980" ind1=" " ind2=" ">
            <subfield code="a">BOOK</subfield>
            <subfield code="b">CONYJOR</subfield>
            <subfield code="b"></subfield>
        </datafield>
    </record>

    
</collection>